Équipes nationales ayant participé à la Coupe du monde - Statistiques

Statistiques générales
  • Ce quiz a été pris 33 fois
  • Le résultat moyen est 70 sur 84
Statistiques - réponses
Continent Équipe Nombre d'éditions Éditions auxquelles elle a participé % Correct
Europe Allemagne 21 1934, 1938, 1954, 1958, 1962, 1966, 1970, 1974, 1978, 1982, 1986, 1990, 1994, 1998, 2002, 2006, 2010, 2014, 2018, 2022, 2026
100%
Europe Angleterre 17 1950, 1954, 1958, 1962, 1966, 1970, 1982, 1986, 1990, 1998, 2002, 2006, 2010, 2014, 2018, 2022, 2026
100%
Amérique du Sud Brésil 23 1930, 1934, 1938, 1950, 1954, 1958, 1962, 1966, 1970, 1974, 1978, 1982, 1986, 1990, 1994, 1998, 2002, 2006, 2010, 2014, 2018, 2022, 2026
100%
Asie Corée du Sud 12 1954, 1986, 1990, 1994, 1998, 2002, 2006, 2010, 2014, 2018, 2022, 2026
100%
Europe France 17 1930, 1934, 1938, 1954, 1958, 1966, 1978, 1982, 1986, 1998, 2002, 2006, 2010, 2014, 2018, 2022, 2026
100%
Europe Italie 18 1934, 1938, 1950, 1954, 1962, 1966, 1970, 1974, 1978, 1982, 1986, 1990, 1994, 1998, 2002, 2006, 2010, 2014
100%
Asie Japon 8 1998, 2002, 2006, 2010, 2014, 2018, 2022, 2026
100%
Europe Suisse 13 1934, 1938, 1950, 1954, 1962, 1966, 1994, 2006, 2010, 2014, 2018, 2022, 2026
100%
Afrique Algérie 5 1982, 1986, 2010, 2014, 2026
97%
Amérique du Sud Argentine 20 1930, 1934, 1958, 1962, 1966, 1974, 1978, 1982, 1986, 1990, 1994, 1998, 2002, 2006, 2010, 2014, 2018, 2022, 2026, 2030
97%
Europe Belgique 15 1930, 1934, 1938, 1954, 1970, 1982, 1986, 1990, 1994, 1998, 2002, 2014, 2018, 2022, 2026
97%
Amérique du Sud Colombie 7 1962, 1990, 1994, 1998, 2014, 2018, 2026
97%
Europe Croatie 7 1998, 2002, 2006, 2014, 2018, 2022, 2026
97%
Europe Espagne 18 1934, 1950, 1962, 1966, 1978, 1982, 1986, 1990, 1994, 1998, 2002, 2006, 2010, 2014, 2018, 2022, 2026, 2030
97%
Europe Irlande 3 1990, 1994, 2002
97%
Afrique Maroc 8 1970, 1986, 1994, 1998, 2018, 2022, 2026, 2030
97%
Amérique du Nord Mexique 18 1930, 1950, 1954, 1958, 1962, 1966, 1970, 1978, 1986, 1994, 1998, 2002, 2006, 2010, 2014, 2018, 2022, 2026
97%
Europe Portugal 10 1966, 1986, 2002, 2006, 2010, 2014, 2018, 2022, 2026, 2030
97%
Europe Suède 13 1934, 1938, 1950, 1958, 1970, 1974, 1978, 1990, 1994, 2002, 2006, 2018, 2026
97%
Afrique Tunisie 7 1978, 1998, 2002, 2006, 2018, 2022, 2026
97%
Amérique du Sud Uruguay 16 1930, 1950, 1954, 1962, 1966, 1970, 1974, 1986, 1990, 2002, 2010, 2014, 2018, 2022, 2026, 2030
97%
Afrique Afrique du Sud 4 1998, 2002, 2010, 2026
94%
Europe Autriche 8 1934, 1954, 1958, 1978, 1982, 1990, 1998, 2026
94%
Amérique du Nord Canada 3 1986, 2022, 2026
94%
Asie Chine 1 2002
94%
Amérique du Nord États-Unis 12 1930, 1934, 1950, 1990, 1994, 1998, 2002, 2006, 2010, 2014, 2022, 2026
94%
Europe Norvège 4 1938, 1994, 1998, 2026
94%
Europe Pays-Bas 12 1934, 1938, 1974, 1978, 1990, 1994, 1998, 2006, 2010, 2014, 2022, 2026
94%
Asie Arabie saoudite 8 1994, 1998, 2002, 2006, 2018, 2022, 2026, 2034
91%
Amérique du Sud Chili 9 1930, 1950, 1962, 1966, 1974, 1982, 1998, 2010, 2014
91%
Asie Corée du Nord 2 1966, 2010
91%
Europe Danemark 6 1986, 1998, 2002, 2010, 2018, 2022
91%
Amérique du Sud Paraguay 10 1930, 1950, 1958, 1986, 1998, 2002, 2006, 2010, 2026, 2030
91%
Amérique du Sud Pérou 5 1930, 1970, 1978, 1982, 2018
91%
Afrique République démocratique du Congo 2 1974, 2026
91%
Europe Roumanie 7 1930, 1934, 1938, 1970, 1990, 1994, 1998
91%
Europe Russie 11 1958, 1962, 1966, 1970, 1982, 1986, 1990, 1994, 2002, 2014, 2018
91%
Europe Turquie 3 1954, 2002, 2026
91%
Afrique Cameroun 8 1982, 1990, 1994, 1998, 2002, 2010, 2014, 2022
88%
Afrique Côte d'Ivoire 4 2006, 2010, 2014, 2026
88%
Amérique du Sud Équateur 5 2002, 2006, 2014, 2026
88%
Afrique Ghana 5 2006, 2010, 2014, 2022, 2026
88%
Amérique du Nord Haïti 2 1974, 2026
88%
Europe Islande 1 2018
88%
Europe Pologne 9 1938, 1974, 1978, 1982, 1986, 2002, 2006, 2018, 2022
88%
Europe Serbie 13 1930, 1950, 1954, 1958, 1962, 1974, 1982, 1990, 1998, 2006, 2010, 2018, 2022
88%
Europe Slovaquie 1 2010
88%
Europe Bulgarie 7 1962, 1966, 1970, 1974, 1986, 1994, 1998
84%
Europe Grèce 3 1994, 2010, 2014
84%
Europe Hongrie 9 1934, 1938, 1954, 1958, 1962, 1966, 1978, 1982, 1986
84%
Asie Iran 7 1978, 1998, 2006, 2014, 2018, 2022, 2026
84%
Afrique Nigeria 6 1994, 1998, 2002, 2010, 2014, 2018
84%
Asie Qatar 2 2022, 2026
84%
Afrique Sénégal 4 2002, 2018, 2022, 2026
84%
Europe Ukraine 1 2006
84%
Asie Australie 7 1974, 2006, 2010, 2014, 2018, 2022, 2026
81%
Europe Écosse 9 1954, 1958, 1974, 1978, 1982, 1986, 1990, 1998, 2026
81%
Afrique Égypte 4 1934, 1990, 2018, 2026
81%
Asie Irak 2 1986, 2026
81%
Europe Slovénie 2 2002, 2010
81%
Amérique du Nord Cuba 1 1938
78%
Europe Irlande du Nord 3 1958, 1982, 1986
78%
Océanie Nouvelle-Zélande 3 1982, 2010, 2026
78%
Amérique du Sud Bolivie 3 1930, 1950, 1994
75%
Europe Bosnie-Herzégovine 2 2014, 2026
75%
Amérique du Nord Costa Rica 6 1990, 2002, 2006, 2014, 2018, 2022
75%
Europe République tchèque 10 1934, 1938, 1954, 1958, 1962, 1970, 1982, 1990, 2006, 2026
75%
Asie Émirats arabes unis 1 1990
72%
Amérique du Nord Honduras 3 1982, 2010, 2014
72%
Amérique du Nord Jamaïque 1 1998
72%
Amérique du Nord Panama 2 2018, 2026
72%
Asie Israël 1 1970
69%
Europe Pays de Galles 2 1958, 2022
69%
Afrique Cap-Vert 1 2026
63%
Amérique du Nord Curaçao 1 2026
63%
Asie Jordanie 1 2026
59%
Asie Ouzbékistan 1 2026
59%
Afrique Togo 1 2006
59%
Amérique du Nord El Salvador 2 1970, 1982
53%
Océanie Indonésie 1 1938
50%
Amérique du Nord Trinité-et-Tobago 1 2006
50%
Asie Koweït 1 1982
47%
Europe Allemagne de l'Est 1 1974
44%
Afrique Angola 1 2006
44%
Aucun quiz correspondant
Distribution des résultats
% des personnes avec chaque résultat
Percentile par nombre de réponses
Votre historique - résultats
Vous n’avez pas pris ce quiz